<?xml version="1.0" encoding="UTF-8"?>
<record
    xmlns:xsi="http://www.w3.org/2001/XMLSchema-instance"
    xsi:schemaLocation="http://www.loc.gov/MARC21/slim http://www.loc.gov/standards/marcxml/schema/MARC21slim.xsd"
    xmlns="http://www.loc.gov/MARC21/slim">

  <leader>02832nam2a2200361   4500</leader>
  <controlfield tag="001">RU\NLR\BIBL_A\012601528</controlfield>
  <controlfield tag="005">20211117141539.0</controlfield>
  <datafield tag="010" ind1=" " ind2=" ">
    <subfield code="a">978-5-907145-25-2</subfield>
    <subfield code="9">100</subfield>
  </datafield>
  <datafield tag="021" ind1=" " ind2=" ">
    <subfield code="a">RU</subfield>
    <subfield code="b">&#x41A;&#x41D;-&#x41F;-21-033527</subfield>
    <subfield code="9">&#x41A;&#x41D;-&#x41F;-21-2619</subfield>
  </datafield>
  <datafield tag="035" ind1=" " ind2=" ">
    <subfield code="a">(NLR Aleph) 012601528</subfield>
  </datafield>
  <datafield tag="090" ind1=" " ind2=" ">
    <subfield code="a">12583340</subfield>
    <subfield code="c">12583340</subfield>
  </datafield>
  <datafield tag="100" ind1=" " ind2=" ">
    <subfield code="a">20210924d2020    k  y0rusy50      ca</subfield>
  </datafield>
  <datafield tag="101" ind1="0" ind2=" ">
    <subfield code="a">rus</subfield>
    <subfield code="d">eng</subfield>
  </datafield>
  <datafield tag="102" ind1=" " ind2=" ">
    <subfield code="a">RU</subfield>
  </datafield>
  <datafield tag="105" ind1=" " ind2=" ">
    <subfield code="a">a   b   000zy</subfield>
  </datafield>
  <datafield tag="200" ind1="1" ind2=" ">
    <subfield code="a">&#x42F;&#x440;&#x43E;&#x432;&#x430;&#x44F; &#x43C;&#x44F;&#x433;&#x43A;&#x430;&#x44F; &#x43F;&#x448;&#x435;&#x43D;&#x438;&#x446;&#x430;</subfield>
    <subfield code="d">Spring bread wheat</subfield>
    <subfield code="e">&#x440;&#x435;&#x437;&#x443;&#x43B;&#x44C;&#x442;&#x430;&#x442;&#x44B; &#x43C;&#x43D;&#x43E;&#x433;&#x43E;&#x43B;&#x435;&#x442;&#x43D;&#x435;&#x433;&#x43E; &#x43F;&#x43E;&#x43B;&#x435;&#x432;&#x43E;&#x433;&#x43E; &#x438;&#x437;&#x443;&#x447;&#x435;&#x43D;&#x438;&#x44F; &#x43E;&#x431;&#x440;&#x430;&#x437;&#x446;&#x43E;&#x432; &#x44F;&#x440;&#x43E;&#x432;&#x43E;&#x439; &#x43C;&#x44F;&#x433;&#x43A;&#x43E;&#x439; &#x43F;&#x448;&#x435;&#x43D;&#x438;&#x446;&#x44B; &#x432; &#x443;&#x441;&#x43B;&#x43E;&#x432;&#x438;&#x44F;&#x445; &#x41B;&#x435;&#x43D;&#x438;&#x43D;&#x433;&#x440;&#x430;&#x434;&#x441;&#x43A;&#x43E;&#x439; &#x43E;&#x431;&#x43B;&#x430;&#x441;&#x442;&#x438;</subfield>
    <subfield code="f">&#x41C;&#x438;&#x43D;&#x438;&#x441;&#x442;&#x435;&#x440;&#x441;&#x442;&#x432;&#x43E; &#x43D;&#x430;&#x443;&#x43A;&#x438; &#x438; &#x432;&#x44B;&#x441;&#x448;&#x435;&#x433;&#x43E; &#x43E;&#x431;&#x440;&#x430;&#x437;&#x43E;&#x432;&#x430;&#x43D;&#x438;&#x44F; &#x420;&#x43E;&#x441;&#x441;&#x438;&#x439;&#x441;&#x43A;&#x43E;&#x439; &#x424;&#x435;&#x434;&#x435;&#x440;&#x430;&#x446;&#x438;&#x438;, &#x424;&#x435;&#x434;&#x435;&#x440;&#x430;&#x43B;&#x44C;&#x43D;&#x44B;&#x439; &#x438;&#x441;&#x441;&#x43B;&#x435;&#x434;&#x43E;&#x432;&#x430;&#x442;&#x435;&#x43B;&#x44C;&#x441;&#x43A;&#x438;&#x439; &#x446;&#x435;&#x43D;&#x442;&#x440; &#x412;&#x441;&#x435;&#x440;&#x43E;&#x441;&#x441;&#x438;&#x439;&#x441;&#x43A;&#x438;&#x439; &#x438;&#x43D;&#x441;&#x442;&#x438;&#x442;&#x443;&#x442; &#x433;&#x435;&#x43D;&#x435;&#x442;&#x438;&#x447;&#x435;&#x441;&#x43A;&#x438;&#x445; &#x440;&#x435;&#x441;&#x443;&#x440;&#x441;&#x43E;&#x432; &#x440;&#x430;&#x441;&#x442;&#x435;&#x43D;&#x438;&#x439; &#x438;&#x43C;&#x435;&#x43D;&#x438; &#x41D;. &#x418;. &#x412;&#x430;&#x432;&#x438;&#x43B;&#x43E;&#x432;&#x430; (&#x412;&#x418;&#x420;)</subfield>
    <subfield code="g">&#x415;. &#x412;. &#x417;&#x443;&#x435;&#x432;, &#x410;. &#x41D;. &#x411;&#x440;&#x44B;&#x43A;&#x43E;&#x432;&#x430;, &#x415;. &#x42E;. &#x41A;&#x443;&#x434;&#x440;&#x44F;&#x432;&#x446;&#x435;&#x432;&#x430;</subfield>
    <subfield code="g">&#x43F;&#x43E;&#x434; &#x43D;&#x430;&#x443;&#x447;&#x43D;&#x43E;&#x439; &#x440;&#x435;&#x434;&#x430;&#x43A;&#x446;&#x438;&#x435;&#x439; &#x43A;&#x430;&#x43D;&#x434;. &#x441;.-&#x445;. &#x43D;&#x430;&#x443;&#x43A; &#x415;. &#x412;. &#x417;&#x443;&#x435;&#x432;&#x430;</subfield>
    <subfield code="z">eng</subfield>
  </datafield>
  <datafield tag="210" ind1=" " ind2=" ">
    <subfield code="d">2020</subfield>
  </datafield>
  <datafield tag="215" ind1=" " ind2=" ">
    <subfield code="a">71, [1] &#x441;.</subfield>
    <subfield code="c">&#x442;&#x430;&#x431;&#x43B;.</subfield>
  </datafield>
  <datafield tag="300" ind1=" " ind2=" ">
    <subfield code="a">&#x410;&#x432;&#x442;. &#x442;&#x430;&#x43A;&#x436;&#x435; &#x43D;&#x430; &#x430;&#x43D;&#x433;&#x43B;. &#x44F;&#x437;.: E. V. Zuev, A. N. Brykova, E. Yu. Kudryavtseva</subfield>
  </datafield>
  <datafield tag="300" ind1=" " ind2=" ">
    <subfield code="a">&#x420;&#x435;&#x437;. &#x430;&#x43D;&#x433;&#x43B;.</subfield>
  </datafield>
  <datafield tag="320" ind1=" " ind2=" ">
    <subfield code="a">&#x411;&#x438;&#x431;&#x43B;&#x438;&#x43E;&#x433;&#x440;.: &#x441;. 70</subfield>
  </datafield>
  <datafield tag="461" ind1=" " ind2="0">
    <subfield code="1">001rc\4746805</subfield>
    <subfield code="1">2001#$a&#x41A;&#x430;&#x442;&#x430;&#x43B;&#x43E;&#x433;-&#x441;&#x43F;&#x440;&#x430;&#x432;&#x43E;&#x447;&#x43D;&#x438;&#x43A; &#x43C;&#x438;&#x440;&#x43E;&#x432;&#x43E;&#x439; &#x43A;&#x43E;&#x43B;&#x43B;&#x435;&#x43A;&#x446;&#x438;&#x438; &#x412;&#x418;&#x420;$e&#x412;&#x44B;&#x43F;. 1-$f&#x412;&#x441;&#x435;&#x441;&#x43E;&#x44E;&#x437;. &#x43E;&#x440;&#x434;&#x435;&#x43D;&#x430; &#x41B;&#x435;&#x43D;&#x438;&#x43D;&#x430; &#x430;&#x43A;&#x430;&#x434;. &#x441;.-&#x445;. &#x43D;&#x430;&#x443;&#x43A; &#x438;&#x43C;. &#x412;.&#x418;. &#x41B;&#x435;&#x43D;&#x438;&#x43D;&#x430;. &#x412;&#x441;&#x435;&#x441;&#x43E;&#x44E;&#x437;. &#x43D;&#x430;&#x443;&#x447;.-&#x438;&#x441;&#x441;&#x43B;&#x435;&#x434;. &#x438;&#x43D;-&#x442; &#x440;&#x430;&#x441;&#x442;&#x435;&#x43D;&#x438;&#x435;&#x432;&#x43E;&#x434;&#x441;&#x442;&#x432;&#x430;$v&#x412;&#x44B;&#x43F;. 917</subfield>
    <subfield code="9">9347765</subfield>
    <subfield code="a">&#x412;&#x441;&#x435;&#x440;&#x43E;&#x441;&#x441;&#x438;&#x439;&#x441;&#x43A;&#x438;&#x439; &#x438;&#x43D;&#x441;&#x442;&#x438;&#x442;&#x443;&#x442; &#x433;&#x435;&#x43D;&#x435;&#x442;&#x438;&#x447;&#x435;&#x441;&#x43A;&#x438;&#x445; &#x440;&#x435;&#x441;&#x443;&#x440;&#x441;&#x43E;&#x432; &#x440;&#x430;&#x441;&#x442;&#x435;&#x43D;&#x438;&#x439; &#x438;&#x43C;. &#x41D;. &#x418;. &#x412;&#x430;&#x432;&#x438;&#x43B;&#x43E;&#x432;&#x430; (&#x421;&#x430;&#x43D;&#x43A;&#x442;-&#x41F;&#x435;&#x442;&#x435;&#x440;&#x431;&#x443;&#x440;&#x433;)</subfield>
    <subfield code="c">&#x41B;&#x435;&#x43D;&#x438;&#x43D;&#x433;&#x440;&#x430;&#x434;</subfield>
    <subfield code="d">1961-</subfield>
    <subfield code="f">&#x412;&#x441;&#x435;&#x441;&#x43E;&#x44E;&#x437;. &#x43E;&#x440;&#x434;&#x435;&#x43D;&#x430; &#x41B;&#x435;&#x43D;&#x438;&#x43D;&#x430; &#x430;&#x43A;&#x430;&#x434;. &#x441;.-&#x445;. &#x43D;&#x430;&#x443;&#x43A; &#x438;&#x43C;. &#x412;.&#x418;. &#x41B;&#x435;&#x43D;&#x438;&#x43D;&#x430;. &#x412;&#x441;&#x435;&#x441;&#x43E;&#x44E;&#x437;. &#x43D;&#x430;&#x443;&#x447;.-&#x438;&#x441;&#x441;&#x43B;&#x435;&#x434;. &#x438;&#x43D;-&#x442; &#x440;&#x430;&#x441;&#x442;&#x435;&#x43D;&#x438;&#x435;&#x432;&#x43E;&#x434;&#x441;&#x442;&#x432;&#x430;</subfield>
    <subfield code="n">&#x411;. &#x438;.</subfield>
    <subfield code="o">&#x412;&#x44B;&#x43F;. 1-</subfield>
    <subfield code="t">&#x41A;&#x430;&#x442;&#x430;&#x43B;&#x43E;&#x433;-&#x441;&#x43F;&#x440;&#x430;&#x432;&#x43E;&#x447;&#x43D;&#x438;&#x43A; &#x43C;&#x438;&#x440;&#x43E;&#x432;&#x43E;&#x439; &#x43A;&#x43E;&#x43B;&#x43B;&#x435;&#x43A;&#x446;&#x438;&#x438; &#x412;&#x418;&#x420;</subfield>
    <subfield code="v">&#x412;&#x44B;&#x43F;. 917</subfield>
  </datafield>
  <datafield tag="510" ind1="1" ind2=" ">
    <subfield code="a">Spring bread wheat</subfield>
    <subfield code="z">eng</subfield>
  </datafield>
  <datafield tag="606" ind1="1" ind2=" ">
    <subfield code="a">&#x41C;&#x44F;&#x433;&#x43A;&#x430;&#x44F; &#x43F;&#x448;&#x435;&#x43D;&#x438;&#x446;&#x430; &#x44F;&#x440;&#x43E;&#x432;&#x430;&#x44F;</subfield>
    <subfield code="j">&#x41A;&#x430;&#x442;&#x430;&#x43B;&#x43E;&#x433;&#x438;</subfield>
    <subfield code="x">&#x41A;&#x443;&#x43B;&#x44C;&#x442;&#x443;&#x440;&#x430;</subfield>
    <subfield code="y">&#x41B;&#x435;&#x43D;&#x438;&#x43D;&#x433;&#x440;&#x430;&#x434;&#x441;&#x43A;&#x430;&#x44F; &#x43E;&#x431;&#x43B;&#x430;&#x441;&#x442;&#x44C;</subfield>
    <subfield code="9">2493954</subfield>
    <subfield code="3">RU\NLR\AUTH\6601695543</subfield>
  </datafield>
  <datafield tag="686" ind1="1" ind2=" ">
    <subfield code="a">&#x41F;212.13-4(2&#x420;31-4&#x41B;&#x435;)&#x44F;26</subfield>
  </datafield>
  <datafield tag="701" ind1=" " ind2="1">
    <subfield code="a">&#x417;&#x443;&#x435;&#x432;</subfield>
    <subfield code="b">&#x415;. &#x412;.</subfield>
    <subfield code="g">&#x415;&#x432;&#x433;&#x435;&#x43D;&#x438;&#x439; &#x412;&#x430;&#x43B;&#x435;&#x440;&#x44C;&#x435;&#x432;&#x438;&#x447;</subfield>
  </datafield>
  <datafield tag="701" ind1=" " ind2="1">
    <subfield code="a">&#x411;&#x440;&#x44B;&#x43A;&#x43E;&#x432;&#x430;</subfield>
    <subfield code="b">&#x410;. &#x41D;.</subfield>
    <subfield code="g">&#x410;&#x43B;&#x43B;&#x430; &#x41D;&#x438;&#x43A;&#x43E;&#x43B;&#x430;&#x435;&#x432;&#x43D;&#x430;</subfield>
  </datafield>
  <datafield tag="701" ind1=" " ind2="1">
    <subfield code="a">&#x41A;&#x443;&#x434;&#x440;&#x44F;&#x432;&#x446;&#x435;&#x432;&#x430;</subfield>
    <subfield code="b">&#x415;. &#x42E;.</subfield>
    <subfield code="g">&#x415;&#x432;&#x433;&#x435;&#x43D;&#x438;&#x44F; &#x42E;&#x440;&#x44C;&#x435;&#x432;&#x43D;&#x430;</subfield>
  </datafield>
  <datafield tag="942" ind1=" " ind2=" ">
    <subfield code="c">BOOK</subfield>
  </datafield>
  <datafield tag="980" ind1=" " ind2=" ">
    <subfield code="a">NBR</subfield>
  </datafield>
  <datafield tag="980" ind1=" " ind2=" ">
    <subfield code="a">NB</subfield>
  </datafield>
</record>
